Les Projets de développement économique et leur évaluation (Record no. 44113)

MARC details
000 -LEADER
fixed length control field 00607 a2200229 4500
037 ## - SOURCE OF ACQUISITION
Stock number DE 2681 DE 2683
100 ## - VEDETTE PRINCIPALE - NOM DE PERSONNE
Personal name King, John A. Jr.
100 ## - VEDETTE PRINCIPALE - NOM DE PERSONNE
Language of a work Fr
240 ## - UNIFORM TITLE
Uniform title <a href="Economic development projects and their appraisal">Economic development projects and their appraisal</a>
260 ## - PUBLICATION, DISTRIBUTION, ETC. (IMPRINT)
Place of publication, distribution, etc Paris
260 ## - PUBLICATION, DISTRIBUTION, ETC. (IMPRINT)
Name of publisher, distributor, etc Dunod
245 ## - TITLE STATEMENT
Title Les Projets de développement économique et leur évaluation
260 ## - PUBLICATION, DISTRIBUTION, ETC. (IMPRINT)
Date of publication, distribution, etc 1969
300 ## - PHYSICAL DESCRIPTION
Extent 460p.
300 ## - PHYSICAL DESCRIPTION
Other physical details 25cm
630 ## - SUBJECT ADDED ENTRY--UNIFORM TITLE
Uniform title 33- - Economie - Economie politique
650 ## - SUBJECT ADDED ENTRY--TOPICAL TERM
Topical term or geographic name as entry element 3 - SCIENCES SOCIALES
650 ## - SUBJECT ADDED ENTRY--TOPICAL TERM
Topical term or geographic name as entry element Economie : développement : projet
700 ## - ADDED ENTRY--PERSONAL NAME
Personal name Pref., Adler, John H.
Holdings
Withdrawn status Lost status Damaged status Not for loan Location (home branch) Sublocation or collection (holding branch) Date acquired Koha issues (times borrowed) Koha full call number Koha date last seen Price effective from Koha item type
        Bibliothèque Universitaire Centrale Bibliothèque Universitaire Centrale 28/02/2009   330.173.3 KIN 28/02/2009 28/02/2009 Livre


© 2008, Bibliothèques de l'Université d'Abomey-Calavi

04 BP 789 Cotonou, Tél. : +229 21 36 01 01, Fax : +229 21 35 06 32

Courriel : bu@bu.uac.bj